Архитектура информационных систем: учебник для вузов

Detalles Bibliográficos
Outros autores: Советов Б. Я. Борис Яковлевич, Водяхо А. И. Александр Иванович, Дубенецкий В. А. Владислав Алексеевич, Цехановский В. В. Владислав Владимирович
Summary:Учебник создан в соответствии с Федеральным государственным образовательным стандартом по направлению подготовки 230400 «Информационные системы и технологии» (квалификация «бакалавр»).Дана характеристика эволюции приложений и платформенных технологий, приведена классификация информационных систем и моделей их представления, подробно рассмотрены проблемы концептуального моделирования информационных систем и существующие архитектурные стили их проектирования. С позиций накопленного отечественного и зарубежного опыта рассмотрены вопросы решения задач проектирования информационных систем с использованием паттернов и каркасов, компонентной технологии, сервисно-ориентированных технологий, портальных технологий реализации информационных систем. Приведены примеры архитектурных решений, взятых из практики проектирования информационных систем. Для студентов учреждений высшего профессионального образования.
Idioma:ruso
Publicado: Москва, Академия, 2012
Series:Высшее профессиональное образование. Бакалавриат
Информатика и вычислительная техника
Subjects:
Formato: MixedMaterials Libro
KOHA link:https://koha.lib.tpu.ru/cgi-bin/koha/opac-detail.pl?biblionumber=219572

MARC

LEADER 00000nam0a2200000 4500
001 219572
005 20231101230252.0
010 |a 9785769588273 
035 |a (RuTPU)RU\TPU\book\239658 
090 |a 219572 
100 |a 20120710d2012 m y0rusy50 ca 
101 0 |a rus 
102 |a RU 
105 |a a j 001zy 
200 1 |a Архитектура информационных систем  |e учебник для вузов  |f Б. Я. Советов [и др.] 
210 |a Москва  |c Академия  |d 2012 
215 |a 288 с.  |c ил. 
225 1 |a Высшее профессиональное образование. Бакалавриат 
225 1 |a Информатика и вычислительная техника 
320 |a Библиогр.: с. 279-282. 
330 |a Учебник создан в соответствии с Федеральным государственным образовательным стандартом по направлению подготовки 230400 «Информационные системы и технологии» (квалификация «бакалавр»).Дана характеристика эволюции приложений и платформенных технологий, приведена классификация информационных систем и моделей их представления, подробно рассмотрены проблемы концептуального моделирования информационных систем и существующие архитектурные стили их проектирования. С позиций накопленного отечественного и зарубежного опыта рассмотрены вопросы решения задач проектирования информационных систем с использованием паттернов и каркасов, компонентной технологии, сервисно-ориентированных технологий, портальных технологий реализации информационных систем. Приведены примеры архитектурных решений, взятых из практики проектирования информационных систем. Для студентов учреждений высшего профессионального образования. 
606 1 |a Информационные системы, вычислительные  |2 stltpush  |3 (RuTPU)RU\TPU\subj\70829  |9 84999 
610 1 |a архитектура 
610 1 |a архитектурный подход 
610 1 |a архитектурные стили 
610 1 |a паттерны 
610 1 |a фреймворки 
610 1 |a компонентные технологии 
610 1 |a сервисно-ориентированные технологии 
610 1 |a приложения 
610 1 |a разработка 
610 1 |a архитектурные решения 
610 1 |a учебники 
675 |a 004(075.8)  |v 3 
701 1 |a Советов  |b Б. Я.  |g Борис Яковлевич 
701 1 |a Водяхо  |b А. И.  |g Александр Иванович 
701 1 |a Дубенецкий  |b В. А.  |g Владислав Алексеевич 
701 1 |a Цехановский  |b В. В.  |g Владислав Владимирович 
801 1 |a RU  |b 63413507  |c 20120710 
801 2 |a RU  |b 63413507  |c 20150702  |g RCR 
900 |a Архитектура вычислительных систем и компьютерных сетей 
942 |c BK 
951 |b 230400 
955 |b 230400  |l 8.1 
959 |a 104/20120710  |d 2  |e 420,20  |f ЧЗТЛ:1  |f АНЛ:1